Неоконченные произведения - Армагеддон - Statistics

General Stats
  • This quiz has been taken 8 times
  • The average score is 2 of 10
Answers on the Grid
Answers color-coded by a green-red scale on the quiz's grid according to % correct below.
"Чёрная стрела" Роберта Льюиса Стивенсона
"Трое на велосипедах" Джерома К. Джерома
"Впрок" Андрея Платонова
"Жизнь Клима Самгина" Максима Горького
"Сильмариллион" Джона Рональда Руэла Толкина
"В дебрях Африки" Генрика Сенкевича
"Тайна Эдвина Друда" Чарльза Диккенса
"Мёртвые души" Николая Гоголя
"За гранью времён" Говарда Лавкрафта
"Зима тревоги нашей" Джона Стейнбека
"1985" Энтони Бёрджесса
"Остров" Олдоса Хаксли
"Цимбелин" Уильяма Шекспира
"Перебои в смерти" Жозе Сарамаго
"Лаура и её оригинал" Владимира Набокова
"Америка" Франца Кафки
"Вадим" Александра Пушкина
"Воскресение" Льва Толстого
"Портрет Дориана Грея" Оскара Уайльда
"Рассказ о семи повешенных" Леонида Андреева
"Новь" Ивана Тургенева
"Дневник Джулиуса Родмена" Эдгара Аллана По
"Моё образование: книга снов" Уильяма Берроуза
"Жизнь и судьба" Василия Гроссмана
"Эдем" Станислава Лема
"Братья Карамазовы" Фёдора Достоевского
"Сфера" Майкла Крайтона
"Помутнение" Филипа Дика
"Лето, прощай!" Рэя Брэдбери
"Прокляты и убиты" Виктора Астафьева
 
Answer Stats
Answer % Correct
"Мёртвые души" Николая Гоголя
71%
"Америка" Франца Кафки
29%
"Братья Карамазовы" Фёдора Достоевского
29%
"Жизнь Клима Самгина" Максима Горького
14%
"Сильмариллион" Джона Рональда Руэла Толкина
14%
"Тайна Эдвина Друда" Чарльза Диккенса
14%
"Вадим" Александра Пушкина
14%
"Дневник Джулиуса Родмена" Эдгара Аллана По
14%
"Лаура и её оригинал" Владимира Набокова
0%
"Прокляты и убиты" Виктора Астафьева
0%
No matching quizzes found
Score Distribution
Percent of People with Each Score
Percentile by Number Answered
Your Score History
You have not taken this quiz